[Event "Lovfalds 15th F"]
[Site "Ringsted"]
[Date "2001.09.15"]
[Round "3"]
[White "Madsen, Simon Rise"]
[Black "Jensen, Preben"]
[Result "0-1"]
[WhiteElo "1204"]
[BlackElo "1209"]
[PlyCount "80"]
[EventDate "2001.09.14"]
[EventType "swiss"]
[EventRounds "5"]
[EventCountry "DEN"]
[SourceTitle "EXT 2023"]
[Source "ChessBase"]
[SourceDate "2022.10.05"]
[SourceVersion "1"]
[SourceVersionDate "2022.10.05"]
[SourceQuality "1"]

1. e4 d6 2. Nf3 Nf6 3. Nc3 b6 4. d4 Bb7 5. e5 dxe5 6. Nxe5 g6 7. Bc4 e6 8. 0-0 Bg7 9. Bf4 0-0 10. a4 Na6 11. a5 c6 12. Nxc6 Bxc6 13. Bxa6 Nd5 14. Be5 Nxc3 15. bxc3 Qd5 16. f3 f6 17. Bg3 bxa5 18. Qe2 Rfe8 19. Rfe1 Bd7 20. Rab1 a4 21. Bb7 Bc6 22. Bxa8 Bxa8 23. Qb5 Qxb5 24. Rxb5 a3 25. Ra5 Bf8 26. Rxa7 Bd5 27. Ra6 a2 28. Bd6 Bg7 29. Ra4 Rc8 30. Bc5 Rb8 31. c4 Rb1 32. Kf2 Bxc4 33. f4 Bd5 34. g3 h5 35. h3 f5 36. Ke2 Rb2 37. Rc1 Kh7 38. Kd2 Bb3 39. Kc3 Rb1 40. Kd2 Bxa4 0-1